000 00510nam a2200157 u 4500
001 000002524
005 20200929150216.0
008 090702s1984 dr r 000 0 spa d
040 _aDO-SdBNP
_bspa
_cBNPHU
100 1 _aZapata, Andrés
_97931
245 1 0 _aFórmulas para superar la crisis en los hogares dominicanos /
_cAndrés Zapata.
260 _aMoca, República Dominicana :
_bOlga,
_c1984.
300 _a34 p. :
_bil. ;
_c21 cm.
500 _aIncluye índice
504 _aIncluye referencias bibliográficas
999 _c2360
_d2360